02414 2200205 4500001002100000005001500021035002000036007000300056008003900059082001200098084001800110100003600128245020000164250001500364260005400379300003500433650002200468520169400490990002402184INLIS00000000000710920251002081028 a0010-1025000029ta251002 | | |  aR 636.3 aR 636.3 SUS p1 aSusetyo, Gusnuardhi Hernu Catur1 aPersepsi Peternak Terhadap Penggunaan Ekstrak Daun Sirih (Piper betle L.) Sebagai Obat Cacing Pada Domba Di Desa Bumiharjo Kecamatan Borobudur Kabupaten Magelang /cGusnuardhi Hernu Catur Susetyo aProdi PPKH aMagelang :bPolbangtan Yogyakarta Magelang,c2025 a186 hlm :billustrasi ;c30 cm 4aPetenakan Kambing aPenelitian ini dilakukan dengan tujuan untuk mengetahui persepsi peternak domba serta pengaruh faktor internal umur, tingkat pendidikan, pengalaman beternak, jumlah ternak terhadap persepsi peternak dalam penyuluhan pemanfaatan ekstrak daun sirih sebagai obat cacingan pada domba di Desa Bumiharjo Kecamatan Borobudur Kabupaten Magelang dimulai pada tanggal 10 April sampai 8 Juni 2025. Responden yang digunakan dalam kegiatan ini adalah sejumlah 30 orang yaitu peternak domba di Desa Bumiharjo diambil dengan metode purposive sampling. Kajian ini menggunakan desain One Group Pretest-Posttest Design. Dalam mengukur perubahan perilaku diambil data Pretest sebelum penyuluhan dan diambil data Post Test setelah dilakukan penyuluhan dengan cara anjangsana, pengambilan data menggunakan metode wawancara dan observasi dengan alat bantu kuesioner. Metode analisis data menggunakan analisis deskriptif dan analisis statistik regresi linier berganda. Hasil persepsi peternak terhadap penggunaan ekstrak daun sirih (Piper betle L.) sebagai obat cacing pada domba berdasarkan umur, tingkat pendidikan, pengalaman beternak dan jumlah ternak secara simultan berpengaruh signifikan terhadap persepsi peternak. Hasil uji parsial variabel tingkat umur berpengaruh sangat signifikan, untuk variabel pengalaman beternak berpengaruh signifikan, sedangkan tingkat pendidikan dan jumlah ternak berpengaruh tidak signifikan terhadap persepsi peternak. Efektivitas penyuluhan berada pada kategori “Sangat Efektif” dan efektivitas perubahan perilaku berada pada kategori “Sangat Efektif” terhadap pembuatan obat daun sirih terhadap kesembuhan cacingan pada domba di Desa Bumiharjo Kecamatan Bumiharjo. a1198/YoMa/TA/H/2025